000 00301nam a22001097a 4500
008 170118b xxu||||| |||| 00| 0 eng d
020 _a9780833068453
041 _aeng
080 _a618.2
245 _aOPTIMIZING THE DEFENSE LANGUAGE INSTITUTE ENGLISH LANGUAGE CENTER
_cMANACAPILLI, TH
942 _2udc
_cBK
999 _c3078
_d3078